000 00883nam a2200313 a 4500
001 000108340
003 CHAP
005 20230130120522.0
008 140129s2009 sp a |r ||||||spa d
010 _a104802
011 _a105774
020 _a9788478290970
040 _cCHAP
082 0 4 _a576
_bB7 2009
100 0 0 _aMadigan, Michael T.
_969687
245 1 0 _aBrock biología de los microorganismos /
_cpor Michael T. Madigan, John M. Martinko y Jack.
250 _a12 ed.
260 _aMadrid :
_bPearson,
_c2009.
300 _a1259 p. :
_bil.
534 _pTít. original :
_tBrock. Biology of microorganisms
590 _aE11695DGD
_b10
_c20140129
650 1 4 _aMicrobiología.
_975490
700 0 _aBrock, Thomas D.
_915476
700 0 _aMartinko, John M.
_971672
700 0 _aParker, Jack.
_985593
901 _aBK
942 _cLIBRO
_2ddc
942 _n0
_2ddc
999 _c104802
_d104802